| 000 | 01064nam a22003017a 4500 | ||
|---|---|---|---|
| 001 | 728 | ||
| 005 | 20260304090135.0 | ||
| 020 | _a9780590403603 | ||
| 020 | _a0590403605 | ||
| 040 |
_aDLC _cDLC _dDLC _beng |
||
| 050 | 0 | 0 |
_aTD487 _b.C64 1986 |
| 082 | _a363.61 | ||
| 100 | 1 | _aCole, Joanna. | |
| 245 | 1 | 4 |
_aThe magic school bus at the waterworks / _cby Joanna Cole ; illustrated by Bruce Degen. |
| 260 |
_aNew York : _bScholastic , _c1986. |
||
| 300 |
_a40 pages : _bcolor illustrations ; _c22 x 26 cm. |
||
| 490 | _aThe magic school bus | ||
| 505 | _aQ | ||
| 520 | _aWhen Ms. Frizzle, the strangest teacher in school, takes her class on a field trip to the waterworks, everyone ends up experiencing the water purification system from the inside. | ||
| 521 |
_a660
_bLexile |
||
| 521 |
_aQ
_bRaz-Plus |
||
| 650 | 0 |
_aWaterworks _xJuvenile literature. |
|
| 650 | 0 |
_aHydrology _xJuvenile literature. |
|
| 650 | 1 | _aWaterworks. | |
| 700 | 1 |
_aDegen, Bruce, _eillustrator. |
|
| 906 |
_a7 _bcbc _corignew _d1 _eocip _f19 _gy-gencatlg |
||
| 942 |
_2ddc _cBK _n0 |
||
| 999 |
_c728 _d728 |
||